Vizualizácia Kubernetes klastra

Enregistré dans:
Détails bibliographiques
Auteur principal: Klušák, Dominik (Auteur)
Autres auteurs: Kapec, Peter (Directeur de thèse)
Format: Manuscrit Livre
Langue:slovaque
Publié: 2025
Sujets:
Accès en ligne:http://is.stuba.sk/zp/portal_zp.pl?podrobnosti=183671
Tags: Ajouter un tag
Pas de tags, Soyez le premier à ajouter un tag!

MARC

LEADER 00000ntm a22000003a 4500
001 stuzp105829
003 SK-STU
005 20250607211744.3
007 ta
008 150427s2015----xo-----f-mn---000-0-slo-d
040 |a STU  |b slo 
041 0 |a slo 
100 1 |a Klušák, Dominik  |u 070400  |4 aut  |U FIIT Fakulta informatiky a informačných technológií  |T FIIT Ústav počítačového inžinierstva a aplikovanej informatiky  |X 102990  |U I400  |Y 672  |7 102990 
242 0 1 |a Visualisation of Kubernetes Cluster  |y eng 
245 1 0 |a Vizualizácia Kubernetes klastra 
260 |c 2025 
650 4 |a Kubernetes visualization  |2 eng 
650 4 |a Visualization tool  |2 eng 
650 4 |a 3D visualization  |2 eng 
650 4 |a Kubernetes  |2 eng 
650 4 |a Vizualizácia Kubernetes  |2 slo 
650 4 |a Vizualizačný nástroj  |2 slo 
650 4 |a 3D vizualizácia  |2 slo 
650 4 |a Kubernetes  |2 slo 
700 1 |a Kapec, Peter  |u 070400  |k Z1  |4 ths  |U FIIT Fakulta informatiky a informačných technológií  |T FIIT Ústav počítačového inžinierstva a aplikovanej informatiky  |X 10235  |U I400  |Y 672  |7 A000010235 
856 4 |u http://is.stuba.sk/zp/portal_zp.pl?podrobnosti=183671